| 000 | 01108cab a22001935a 4500 | ||
|---|---|---|---|
| 001 | L146605 | ||
| 008 | 090209d2009 xxkb f 000 0 eng d | ||
| 035 | _a(Sirsi) u146605 | ||
| 041 | 0 | _aeng | |
| 100 | 1 | _aCollier, P. | |
| 245 | 0 | 0 | _aInternational boundary surveys and demarcation in the late 19th and early 20th centuries |
| 260 | _c2009 | ||
| 490 |
_aSurvey Review _v41(311) January 2009, 2-13(12) |
||
| 520 | _aEssay provides an introduction to boundary surveying in the 19th and 20th centuries in the context of international colonisation. Discusses types of boundaries in early surveying and changes after the first World War. Concludes by saying that boundaries were typically delineated without recourse to theory and lists some of the proponents of a move towards better-defined theories of surveying practice. Of particular interest to surveying students and researchers, or practitioners with particular interest in the origins of boundaries surveying. | ||
| 590 | _aKA | ||
| 651 | 4 | _aInternational | |
| 690 | _aPROPERTY-PROPERTY MANAGEMENT-BOUNDARY DETERMINATION-BOUNDARIES | ||
| 942 | _n0 | ||
| 999 |
_c81198 _d81198 |
||